000 00972nam a2200301 a 4500
001 71622
003 BD-RjUL
005 20211209082133.0
008 170506s1975 nyua 001 0 eng
020 _a0471549649
035 _a(BD-RjUL)71838
040 _aDLC
_cDLC
_dUKM
_dEQO
_dBD-RjUL
_beng
041 _aeng
082 _a660
_223
_bLOF 1975
100 1 _aFaith, William Lawrence,
_d1907-1979.
_9211926
245 1 0 _aFaith, Keyes, and Clark's Industrial chemicals /
_cFaith, William Lawrence,
250 _a4th ed.
260 _aNew York :
_bWiley,
_c1975
300 _ax, 904 p. :
_bill. ;
_c23 cm.
500 _a"A Wiley-Interscience publication."
500 _aFirst-3d ed. published under title: Industrial chemicals.
500 _aIncludes indexes.
650 0 _aChemical industry.
_9211927
700 1 _aLowenheim, Frederick Adolph,
_d1909-1980
_9211928
700 1 _aMoran, Marguerite K.
_9211929
740 0 1 _aIndustrial chemicals.
942 _2ddc
_cBK
999 _c71622
_d71622